| 000 | 00417nam a2200157Ia 4500 | ||
|---|---|---|---|
| 008 | 210210b1968 xxu||||| |||| 00| 0 eng d | ||
| 082 | _a582 SINS | ||
| 100 | _aSINGH (Jagjit). | ||
| 245 | _aSystematic botany: (part III Spermatophyta). Ed 2. | ||
| 250 | _a | ||
| 260 |
_aDelhi _bS. Chand & Co. Ltd. _c1968 |
||
| 300 | _avi,304 | ||
| 650 | _aSystematic Botany, Spermatophyta | ||
| 690 | _aBotany | ||
| 906 | _a030228 | ||
| 999 |
_c81412 _d81412 |
||